Score 0/12 Timer 01:00
3 Plays Today
% Correct
Chinese
73.9%
Greek
63.8%
Hebrew
62.3%
Persian
59%
Latin
49.4%
Dutch
47.4%
French
44.7%
Malayalam
43.3%
Finnish
33.8%
Afrikaans
31.7%
Turkish
27.8%
Indonesian
18.3%
Remove Ads.
Support Sporcle.
Get the best of Sporcle when you Go Orange. This ad-free experience offers more features, more stats, and more fun while also helping to support Sporcle. Thank you for becoming a member.

You're not logged in!

Compare scores with friends on all Sporcle quizzes.
OR
Log In

Sporcle TV

Today on Sporcle TV


Watch our educational content, quiz creation guides, and fun videos on Sporcle TV.

Show Comments

Extras

Top Quizzes Today


Score Distribution

Paid Content

Your Account Isn't Verified!

In order to create a playlist on Sporcle, you need to verify the email address you used during registration. Go to your Sporcle Settings to finish the process.

Report this User

Report this user for behavior that violates our Community Guidelines.

Details: